000
00343 a2200169 4500
001
186213
020
_a
85-08-05360-6
040
_c
Magnum
100
_a
França, Mary
240
1
0
_a
Fábulas 2
_l
por
245
1
0
_a
Fábulas 2
300
_a
32
362
0
_a
1996
440
1
_a
Ática
697
_a
LITERATURA INFANTO-JUVENIL
942
_c
BK
999
_c
186213
_d
186213